Bandidos
সংরক্ষণ করুন:
| প্রধান লেখক: | |
|---|---|
| বিন্যাস: | গ্রন্থ |
| ভাষা: | স্প্যানিশ |
| প্রকাশিত: |
Barcelona
Ariel
1976
|
| মালা: | Ariel quincenal, 118
|
| বিষয়গুলি: | |
| ট্যাগগুলো: |
ট্যাগ যুক্ত করুন
কোনো ট্যাগ নেই, প্রথমজন হিসাবে ট্যাগ করুন!
|
MARC
| LEADER | 00000nam a2200000 a 4500 | ||
|---|---|---|---|
| 001 | UCX0002 | ||
| 003 | CL-VaPUC | ||
| 008 | 890719e19760000SP |||||||||||||||||spa|d | ||
| 082 | 0 | 4 | |a 364.9 |b HOB |2 21 |
| 100 | |a Hobsbawm, Eric J |e author |9 484887 | ||
| 245 | 1 | 0 | |a Bandidos |
| 300 | |a 181 p | ||
| 942 | |c BK | ||
| 945 | |d 19890719 00:00:00 | ||
| 260 | |a Barcelona |b Ariel |c 1976 | ||
| 650 | 7 | |a BANDOLEROS |2 CL-VaPUC |9 315464 | |
| 650 | 7 | |a DELINCUENTES |2 CL-VaPUC |9 315465 | |
| 583 | |a last modification |c 19890719 00:00:00 |k Rodrigo Vera | ||
| 490 | 0 | |a Ariel quincenal, 118 | |
| 999 | |c 221802 |d 221800 | ||
| 952 | |0 0 |1 0 |2 ddc |4 0 |6 364_900000000000000_HOB_1976 |7 0 |8 A |9 215686 |a BIBHIS |b BIBHIS |d 2019-11-15 |i 2840952 |l 9 |m 1 |o 364.9 HOB 1976 |p 2840952 |r 2025-01-20 |s 2023-10-25 |w 2019-11-15 |y BK |k HIS | ||